000
00305pam a2200133a 44500
008
230405s xxu||||| |||| 00| 0 eng d
041
_a
ENG
100
_a
Ms.SWATI MAHAJAN
245
_a
INDIAN ADMINISRATION
_b
B.A.-II
260
_a
Pune
_b
BVDU(pune)
_c
300
_a
274
690
_a
DONETED
906
_a
7710
999
_c
288521
_d
288521